Introduction to the mathematics of finance : from risk management to options pricing (Record no. 220153)

MARC details
000 -LEADER
fixed length control field 00810nam a2200241Ia 4500
008 - FIXED-LENGTH DATA ELEMENTS--GENERAL INFORMATION
fixed length control field 191130s2004##################000#0#eng##
020 ## - INTERNATIONAL STANDARD BOOK NUMBER
ISBN 9780387213750
082 ## - DEWEY DECIMAL CLASSIFICATION NUMBER
Classification number 332.01513 ROM
100 ## - MAIN ENTRY--AUTHOR NAME
Personal name Roman, Steven
245 ## - TITLE STATEMENT
Title Introduction to the mathematics of finance : from risk management to options pricing
Statement of responsibility, etc Steven Roman
260 ## - PUBLICATION, DISTRIBUTION, ETC. (IMPRINT)
Place of publication Berlin
Name of publisher Springer
Year of publication 2004
300 ## - PHYSICAL DESCRIPTION
Number of Pages xiv, 354 p. : ill. ; 25 cm
500 ## - GENERAL NOTE
General note Includes bibliographical references (p. [349]-350) and index
650 ## - SUBJECT ADDED ENTRY--TOPICAL TERM
Topical Term Capital assets pricing model
Topical Term Investments - Mathematics
Topical Term Options (Finance) - Prices
Topical Term Portfolio management - Mathematical models
991 ## -
-- 142460
Holdings
Withdrawn status Lost status Damaged status Not for loan Home library Current library Shelving location Date acquired Full call number Accession Number Price effective from Koha item type
        Anna Centenary Library Anna Centenary Library 4TH FLOOR, A WING 13.10.2020 332.01513 ROM 301805 13.10.2020 English Books

Find us on the map